000 00503nam a2200169 a 4500
005 20140412111229.0
008 001108s19uu xx 00 eng d
020 _a0-394-84090-9
050 _aER
_bIc1
100 _aHoward, Katherine
245 _aI can count to 100 /
_cKatherine Howard ; pictures by Michael J. Smollin.
520 _aA friendly mouse introduces the numbers from 1 to 100.
650 _aCounting - Juvenile Literature
650 _aCounting
999 _c102134
_d102134